Vida de este chico /
Tobias Wolff, escritor norteamericano nacido en 1945. Dos veces ganador del Premio O'Henry. Autor de: De regreso al mundo, Cazadores en la nieve, Ladrón de cuarteles.
Tallennettuna:
| Päätekijä: | |
|---|---|
| Aineistotyyppi: | Kirja |
| Kieli: | espanja |
| Julkaistu: |
México :
Alfaguara,
1991, c1991
|
| Sarja: | (Alfaguara Literaturas ;
324) |
| Aiheet: | |
| Tagit: |
Ei tageja, Lisää ensimmäinen tagi!
|
MARC
| LEADER | 00000nam^a2200000^a^4500 | ||
|---|---|---|---|
| 001 | 000039801 | ||
| 005 | 20250521000000.0 | ||
| 009 | 20260310085556.699 | ||
| 020 | |a 84-204-2546-X | ||
| 037 | |a Acervo ITESO - Biblioteca | ||
| 041 | |a ESP | ||
| 082 | |a 810. 92 |b WOL | ||
| 100 | |a Wolff, Tobias |e (autor) | ||
| 245 | 1 | 0 | |a Vida de este chico / |c T. Wolff ; tr. por Maribel de Juan. |
| 264 | 4 | |a México : |b Alfaguara, |c 1991, c1991 | |
| 300 | |a 326 p. | ||
| 336 | |a texto |b txt |2 rdacontenido | ||
| 337 | |a sin mediación |b n |2 rdamedio | ||
| 338 | |a volumen |b nc |2 rdasoporte | ||
| 440 | 1 | |a (Alfaguara Literaturas ; |v 324) | |
| 500 | |a Traducción de: This boy's life: A memoir | ||
| 520 | |a Tobias Wolff, escritor norteamericano nacido en 1945. Dos veces ganador del Premio O'Henry. Autor de: De regreso al mundo, Cazadores en la nieve, Ladrón de cuarteles. | ||
| 649 | |a XX | ||
| 650 | |a Escritores Norteamericanos - |x Memorias | ||
| 650 | |a Memorias Norteamericanas | ||
| 650 | |a Literatura Norteamericana - |y Siglo XX | ||
| 910 | |a Fondo General | ||
| 920 | |a Impresos - Libros | ||
| 930 | |a Colección General | ||
| 940 | |a Literatura | ||
| 905 | |a 101 | ||
| 901 | |a 0398010100 |b IT1 |c LIT |i 039801 |u 20250521 | ||
| 902 | |a https://opac.biblio.iteso.mx/vufind/Record/000039801 | ||